20 największych miast państw Grupy Wyszehradzkiej - Statystyki

Ogólne statystyki
  • Ten quiz został rozwiązany 77 razy
  • Średni wynik to 17 z 20
Statystyki odpowiedzi
Liczba mieszkańców Miasto % Poprawnych
2. 1 750 216 Budapeszt
100%
1. 1 860 281 Warszawa
100%
3. 1 324 277 Praga
99%
5. 672 929 Wrocław
99%
8. 486 022 Gdańsk
97%
4. 800 653 Kraków
97%
9. 437 725 Bratysława
96%
7. 546 859 Poznań
96%
6. 670 642 Łódź
95%
10. 396 168 Szczecin
95%
16. 282 755 Katowice
91%
13. 334 681 Lublin
89%
12. 337 666 Bydgoszcz
86%
14. 294 242 Białystok
84%
17. 244 676 Gdynia
82%
11. 381 346 Brno
74%
18. 238 593 Koszyce
69%
15. 287 968 Ostrawa
69%
19. 210 773 Częstochowa
62%
20. 201 112 Debreczyn
39%
Nie znaleziono quizów pasujących do podanych kryteriów
Rozkład punktacji
Procent ludzi z każdym wynikiem
Percentyl według liczby udzielonych odpowiedzi
Twoja historia wyników
Nie rozwiązałeś tego quizu